Guess the Taylor Swift Song Based on Random Parts of the Song! - Statistics

General Stats
  • This quiz has been taken 854 times
    637 since last reset
  • The average score is 17 of 30
Answer Stats
Lyric Song % Correct
"When I walk in the roomI can still make the whole place shimmer" Bejeweled
100%
"But I got smarter, I got harder in the nick of timeHoney, I rose up from the dead, I do it all the time" Look What You Made Me Do
100%
"Can I go where you go?Can we always be this close forever and ever?" Lover
100%
"She says, "I think he did it, but I just can't prove it" I think he did it, but I just can't prove it" no body, no crime
100%
"You got that long hair, slicked back, white T-shirtAnd I got that good girl faith and a tight little skirt" Style
100%
"I'm so sick of running as fast as I canWondering if I'd get there quicker" The Man
100%
I say, "I hate you" We break up, you call me, I love you. We Are Never Ever Getting Back Together
100%
"But I keep cruisin'Can't stop, won't stop movin'" Shake It Off
96%
"Cancel plans just in case you'd callAnd say, "Meet me behind the mall"" august
95%
"Is it cool that I said all that?Is it chill that you're in my head?" Delicate
95%
"I think I've seen this film beforeAnd I didn't like the ending" exile
95%
"I'm sorryBut the old Taylor can't come to the phone right now Why? Oh, 'cause she's dead (oh)" Look What You Made Me Do
95%
"And said, "Marry me, JulietYou'll never have to be alone" Love Story
95%
"The burgundy on my T-shirt when you splashed your wine into meAnd how the blood rushed into my cheeks, so scarlet, it was" Maroon
95%
"I walked out, I said, "I'm setting you free"But the monsters turned out to be just trees" Out Of The Woods
95%
"Walk in the streets with you in your worn-out jeansI can't help thinking this is how it ought to be" You Belong With Me
95%
"She wears high heelsI wear sneakers" You Belong With Me
95%
"You pull me in and I'm a little more brave It's the first kiss, it's flawless, really something" Fearless
94%
"Now you're at the mailbox, turned into good neighbors My husband is cheating, I wanna kill him" Fortnight
93%
"Band-aids don't fix bullet holesYou say sorry just for show" Bad Blood
92%
"It's you and me, that's my whole world They whisper in the hallway, "She's a bad, bad girl"" Miss Americana & The Heartbreak Prince
92%
"Loving him is like driving a new Maserati down a dead end streetFaster than the wind, passionate as sin, ending so suddenly" Red
92%
"He's so tall and handsome as hellHe's so bad, but he does it so well" Wildest Dreams
92%
"It's me, hi, I'm the problem, it's meAt tea time, everybody agrees" Anti-Hero
91%
"Sometimes you just don't know the answer'Til someone's on their knees and asks you" champagne problems
91%
"So cut the headlights, summer's a knifeI'm always waiting for you just to cut to the bone" Cruel Summer
91%
"She needed cold hard proof so I gave her someShe had the envelope, where you think she got it from?" Vigilante Sh*t
91%
"There's glitter on the floor after the party Girls carryin’ their shoes down in the lobby" New Year's Day
90%
"Got a long list of ex-loversThey'll tell you I'm insane" Blank Space
89%
"I was a functioning alcoholic 'Til nobody noticed my new aesthetic" Fortnight
89%
"Oh, he's so smug, Mr. "Always wins"So far above me in every sense So far above feeling anything" Mr. Perfectly Fine
89%
"Losing him was blue, like I'd never knownMissing him was dark gray, all alone" Red
89%
"My ex-man brought his new girlfriendShe's like, "Oh my God!" but I'm just gonna shake" Shake It Off
89%
"You'll see me in hindsightTangled up with you all night" Wildest Dreams
89%
"I never trust a narcissistBut they love me So I play 'em like a violin" I Did Something Bad
88%
"Ladies and gentlemen, will you please stand?With every guitar string scar on my hand" Lover
88%
"Never be so politе You forget your power" marjorie
88%
"Asked you to write it down for me Should've kept every grocery store receipt" marjorie
88%
"I, I, I see how this is gon' go Touch me and you'll never be alone" ...Ready For It?
88%
"So this is me swallowin' my prideStandin' in front of you sayin' I'm sorry for that night" Back To December
87%
"Say my name and everything just stops I don't want you like a best friend" Dress
87%
"They said, "Babe, you gotta fake it 'til you make it" and I did Lights, camera, bitch, smile" I Can Do It With A Broken Heart
87%
"Talk your talk and go viralI just need this love spiral" Lavender Haze
87%
"And he never thinks of meExcept when I'm on TV" Midnight Rain
87%
"But you'll come back each time you leave'Cause, darling, I'm a nightmare dressed like a daydream" Blank Space
86%
"In the middle of the night, in my dreams I know I'm gonna be with you, so I take my time" ...Ready For It?
86%
"Say it in the street, that's a knock-out But you say it in a Tweet, that's a cop-out" You Need To Calm Down
86%
"Every time you're, every time you're lovin' meOh Lord, save me, my drug is my baby" Don't Blame Me
85%
"Big reputation, big reputationOoh, you and me, we got big reputations, ah" End Game
85%
"Wait for the signal, and I'll meet you after dark Show me the places where the others gave you scars" willow
85%
"'Cause there we are again in the middle of the nightWe're dancing 'round the kitchen in the refrigerator light" All Too Well
84%
"Rain came pouring downWhen I was drowning, that's when I could finally breathe" Clean
84%
"Shirts off and your friends lift you up over their heads Beer stickin' to the floor, cheers chanted 'cause they said" The Alchemy
83%
"Soon she's gonna findStealing other people's toys on the playground Won't make you many friends" Better Than Revenge
82%
"It's cool, that's what I tell 'emNo rules, in breakable heaven" Cruel Summer
82%
"My heart, my hips, my body, my love Tryna find a part of me that you didn't touch" Death By A Thousand Cuts
82%
"Your eyes whispered, "Have we met?"'Cross the room your silhouette" Enchanted
82%
"See the lights, see the party, the ball gownsSee you make your way through the crowd" Love Story
82%
"Don't wait, or say a single vowYou need to hear me out" Speak Now
82%
"You said normal girls were boringBut you were gone by the morning" The Smallest Man Who Ever Lived
82%
"Your cheeks were turning redYou used to be a little kid with glasses in a twin-sized bed" All Too Well
81%
"I have this dream my daughter in-law kills me for the moneyShe thinks I left them in the will" Anti-Hero
81%
"I was walkin' home on broken cobblestonesJust thinkin' of you when she pulled up like A figment of my worst intentions" betty
81%
"I knew I'd curse you for the longest time Chasin' shadows in the grocery line" cardigan
81%
"This night is sparkling, don't you let it goI'm wonderstruck, blushing all the way home" Enchanted
81%
"Spider-boy, king of thievesWeave your little webs of opacity" Karma
81%
"Do you remember, we were sittin' there by the water?You put your arm around me for the first time" Mine
81%
"Sneakin' out late, tapping on your windowWhen we're on the phone, and you talk real slow" Our Song
81%
"Didn't they tell us don't rush into things?Didn't you flash your green eyes at me? Didn't you calm my fears with a Cheshire Cat smile?" Wonderland
81%
"They're burning all the witches, even if you aren't oneThey got their pitchforks and proof" I Did Something Bad
80%
"Heartbreak is the national anthemWe sing it proudly" New Romantics
80%
"The moon is high Like your friends were the night that we first met" Paper Rings
80%
"Touch me while your bros play Grand Theft AutoIt's true, swear, scouts honor" So High School
80%
"I'm watching American Pie with you on a Saturday nightYour friends are around, so be quiet" So High School
80%
"But you are not the kind of boyWho should be marrying the wrong girl" Speak Now
80%
"We never painted by the numbers, babyBut we were making it count" the 1
80%
"Those Windermere peaks look like a perfect place to cry
I'm setting off, but not without my muse
No, not without you"
the lakes
80%
"Who knows, if I never showed up, what could've been There goes the loudest woman this town has ever seen" the last great american dynasty
80%
"I remember when we broke up the first time. Saying, "This is it, I've had enough,"" We Are Never Ever Getting Back Together
80%
"And I know I make the same mistakes every timeBridges burn, I never learn, at least I did one thing right" Call It What You Want
79%
"The girl in the dress, cried the whole way homeI see it all now that you're gone" Dear John
79%
"It was the best of times, the worst of crimes I struck a match and blew your mind" Getaway Car
79%
"You traded your baseball cap for a crownWhen they gave us our trophies" Long Live
79%
"Rebekah gave up on the Rhode Island set forever Flew in all her Bitch Pack friends from the city" the last great american dynasty
79%
"While you were out buildin' other worlds, where was I? Where's that man who'd throw blankets over my barbed wire?" tolerate it
79%
"You wouldn't last an hour in the asylum where they raised me So all you kids can sneak into my house with all the cobwebs" Who's Afraid Of Little Old Me?
79%
"But I knew you
Playing hide-and-seek and
Giving me your weekends, I"
cardigan
78%
"You said it was a great love, one for the ages But if the story’s over, why am I still writing pages?" Death By A Thousand Cuts
78%
"No one wanted to play with me as a little kidSo I've been scheming like a criminal ever since" Mastermind
78%
"So many signs, so many signsYou didn't even see the signs" exile
77%
"If you've got a girlfriend, I'm jealous of her But if you're single, that's honestly worse" Gorgeous
77%
"And I lost youThe one I was dancin' with In New York, no shoes" Maroon
77%
'And you can aim for my heart, go for blood But you would still miss me in your bones" my tears ricochet
77%
"But I miss screaming and fighting and kissing in the rainAnd it's 2 a.m. and I'm cursing your name" The Way I Loved You
77%
"Your mom's ring in your pocketMy picture in your wallet" champagne problems
76%
""You look like Stevie Nicks In '75, the hair and lips" Clara Bow
76%
"They are the hunters, we are the foxesAnd we run" I Know Places
76%
"They told me all of my cages were mental So I got wasted like all my potential" this is me trying
76%
"Sapphire tears on my faceSadness became my whole sky" Bejeweled
75%
"What if he's written 'mine' on my upper thighOnly in my mind?" Guilty As Sin?
75%
"Say you fancy me, not fancy stuff Baby, all at once, this is enough" King Of My Heart
75%
"We play dumb but we know exactly what we're doin'We cry tears of mascara in the bathroom" New Romantics
75%
"At the restaurant, when I was still the one you wantCross-legged in the dim light, everything was just right" right where you left me
75%
"Here's a toast to my real friendsThey don't care about the "he said, she said"" This Is Why We Can't Have Nice Things
75%
"The water filled my lungs, I screamed so loudBut no one heard a thing" Clean
74%
"Dive bar on the East Side, where you at?Phone lights up my nightstand in the black" Delicate
74%
"The rest of the world was black and whiteBut we were in screaming color" Out Of The Woods
74%
"'Cause I hate that stupid old pickup truck you never let me driveYou're a redneck heartbreak who's really bad at lying" Picture To Burn
74%
"Fighting with a true love is boxing with no glovesChemistry 'til it blows up, 'til there's no us" Afterglow
73%
"I want to wear his initialOn a chain 'round my neck, chain 'round my neck" Call It What You Want
73%
"And I'm not even sorry, nights are so starryBlood moonlit" Glitch
73%
"When I showed you around Centennial Park Hell was the journey, but it brought me heaven" invisible string
73%
"So please show me Hackney Doesn't have to be Louis V up on Bond Street" London Boy
73%
"Show me a gray sky, a rainy cab ride Babes, don't threaten me with a good time" London Boy
73%
"Dark side, I search for your dark sideBut what if I'm alright, right, right, right here?" The Archer
73%
"And baby, I get mystified by how this city screams your name And baby, I'm so terrified of if you ever walk away" Cornelia Street
72%
"Come on, come on, don't leave me like thisI thought I had you figured out" Haunted
72%
"Baby, was it overWhen she laid down on your couch?" Is It Over Now?
72%
"But if I'm all dressed upThey might as well be looking at us" "Sl*t!"
72%
"You swore that you loved me, but where were the clues? I died on the altar waitin' for the proof" So Long, London
72%
"I'm just another thing for you to roll your eyes at honeyYou might have him, but haven't you heard" Better Than Revenge
71%
"I loved your hostile takeoversEncounters closer and closer" Down Bad
71%
"I just wanna know you better, know you better, know you better nowI just wanna know you better, know you better, know you better now" Everything Has Changed
71%
"And I can't talk to you when you're like this
Staring out the window like I’m not your favorite town
I'm New York City"
False God
71%
"My beloved ghost and meSitting in a tree D-Y-I-N-G" How Did It End?
71%
"I'm standin' on a tightrope aloneI hold my breath a little bit longer" Say Don't Go
71%
"Passed down like folk songsOur love lasts so long" seven
71%
"He says, "What you heard is true, but ICan't stop thinkin' 'bout you and I"" Style
71%
"Everyone knows that my mother is a saintly womanBut she used to say she wished that you were dead" thanK you aIMee
71%
"I escaped it too, remember how you watched me leaveBut if it's okay with you, it's okay with me" 'tis the damn season
71%
"It's a new soundtrack, I could dance to this beat, beat forevermoreThe lights are so bright, but they never blind me, me" Welcome To New York
71%
"You just need to take several seats and then try to restore the peace
And control your urges to scream about all the people you hate
'Cause shade never made anybody less gay"
You Need To Calm Down
71%
"I guess you didn't careAnd I guess I liked that" I Knew You Were Trouble
70%
"Look at this idiotic fool that you made me You taught me a secret language I can't speak with anyone else" illicit affairs
70%
"And I'm still a believer, but I don't know why I've never been a natural, all I do is try, try, try" mirrorball
70%
"I didn't have it in myself to go with grace And you're the hero flying around, saving face" my tears ricochet
70%
"They said the end is comingEveryone's up to something" Sweet Nothing
70%
"So on the weekendsI don't dress for friends Lately I've been dressing for revenge" Vigilante Sh*t
70%
"'Cause she's the kind of book that you can't put downLike if Cleopatra grew up in a small town" When Emma Falls In Love
70%
"And I couldn't get away from yaIn my feelings more than Drake, so yeah" I Forgot That You Existed
69%
"He got that boyish look that I like in a manI am an architect, I'm drawing up the plans" I Think He Knows
69%
"I know that I'm a handful, baby, uh I know I never think before I jump" ME!
69%
"And you jump up, but she's too young to know this song That was intertwined in the magic fabric of our dreaming" The Black Dog
69%
"They paint me out to be badSo it's okay that I'm mad" The Man
69%
"We hereby conduct this post mortemHe was a hothouse flower to my outdoorsman" How Did It End?
68%
"Broke your heart, I'll put it back togetherI would wait for ever and ever" How You Get The Girl
68%
"Nostalgia is a mind's trickIf I'd been there, I'd hate it" I Hate It Here
68%
"Will you take a moment?Promise me this That you'll stand by me forever" Long Live
68%
"How can a person know everything at 18But nothing at 22?" Nothing New
68%
"You did a number on meBut honestly, baby, who's counting?" So It Goes...
68%
"In the garden, would you trust meIf I told you it was just a summer thing?" betty
67%
"Now they're screaming at the palace front gates, used to chant my nameNow they're screaming that they hate me" Castles Crumbling
67%
'"Flashback when you met me Your buzzcut and my hair bleached" Dress
67%
"So, baby, drive slow 'til we run out of road In this one horse town, I wanna stay right here" Fearless
67%
"Shoulda known I'd be the first to leave Think about the place where you first met me" Getaway Car
67%
"Do you really want to know where I was April 29th?Do I really have to chart the constellations in his eyes?" High Infidelity
67%
"Lock broken, slur spokenWound open, game token" High Infidelity
67%
"What started in beautiful rooms Ends with meetings in parking lots" illicit affairs
67%
"Let's fast forward to three hundred takeout coffees laterI see your profile and your smile on unsuspecting waiters" Is It Over Now?
67%
"Well you can take me downWith just one single blow" Mean
67%
"My team is losing, battered and bruising I see the high fives between the bad guys" Miss Americana & The Heartbreak Prince
67%
"I don't know why all the trees change in the fallBut I know you're not scared of anything at all" The Best Day
67%
"And it's hard to be at a party when I feel like an open wound It's hard to be anywhere these days when all I want is you" this is me trying
67%
"'Cause there were pages turned with the bridges burnedEverything you lose is a step you take" You're On Your Own, Kid
67%
"People like you always want back the love they pushed asideBut people like me are gone forever when you say goodbye" All You Had To Do Was Stay
65%
"And how you held me in your arms that September nightThe first time you ever saw me cry" Back To December
65%
"I don't wanna look at anything else now that I saw youI don't wanna think of anything else now that I thought of you" Daylight
65%
"I bet you got pushed aroundSomebody made you cold" Mean
65%
"And I remember that fight, 2:30 AMAs everything was slipping right out of our hands" Mine
65%
"I'll show you every version of yourself tonight I'll get you out on the floor" mirrorball
65%
"I'm captivated by you, babyLike a fireworks show" Sparks Fly
65%
"Hand on the throttleThought I caught lightning in a bottle" The Prophecy
65%
"He can't see the smile I'm fakingAnd my heart's not breaking 'Cause I'm not feeling anything at all" The Way I Loved You
65%
"Like you were a trophy or a champion ring And there was one prize I'd cheat to win" willow
65%
"I've been breakin' hearts a long time, andToyin' with them older guys" Don't Blame Me
64%
"It's your freshman yearAnd you're gonna be here for the next four years" Fifteen
64%
"You make me so happy it turns back to sad (Yeah) There's nothin' I hate more than what I can't have" Gorgeous
64%
"'Cause if you dare, you'll see the glareOf everyone you burned just to get there" Karma
64%
"We can plant a memory gardenSay a solemn prayer, place a poppy in my hair" The Great War
64%
"Chose the Rose Garden over Madison SquareAnd it took some time, but I understand it now" The Lucky One
64%
"But I'm not the only friend you've lost latelyIf only you weren't so shady" This Is Why We Can't Have Nice Things
64%
"People like you always want back the love they gave awayAnd people like me wanna believe you when you say you've changed" All You Had To Do Was Stay
63%
"They'll say I'm nuts if I talk about the existence of youFor a moment I was heaven struck" Down Bad
63%
"Both sprung, I got issues and chips on both of my shouldersReputation precedes me, in rumors I'm knee-deep" End Game
63%
"I read about it in a book when I was a precocious childNo mid-sized city hopes and small town fears" I Hate It Here
63%
"Teal was the color of your shirt When you were sixteen at the yogurt shop" invisible string
63%
"Good thing my daddy made me get a boating license when I was fifteen And I've cleaned enough houses to know how to cover up a scene" no body, no crime
63%
"You said you were gonna grow upThen you were gonna come find me" Peter
63%
"Why'd you have to lead me on?Why'd you have to twist the knife?" Say Don't Go
63%
"You should've thought twice 'fore you let it all goYou should've known that word 'bout what you did with her" Should've Said No
63%
"Love is a ruthless gameUnless you play it good and right" State Of Grace
63%
"All the king's horses, all the king's menCouldn't put me together again" The Archer
63%
"But can you feel this magic in the air?It must've been the way you kissed me" Today Was A Fairytale
63%
"Memories feel like weaponsAnd now that I know, I wish you'd left me wondering" Would've, Could've, Should've
63%
"I thought the plane was going downHow'd you turn it right around" Labyrinth
62%
"I've had too much to drink tonightAnd I know it's sad, but this is what I think about" Nothing New
62%
"And the only way back to my dignityWas to turn into a shrouded mystery" Now That We Don't Talk
62%
"I want to drive away with you I want your complications too" Paper Rings
62%
"Everybody wonders what it would be like to love youWalk past, quick brush" gold rush
61%
"Cross your thoughtless heartOnly liquor anoints you" The Albatross
61%
"And my beers and my candlesI can feel you smoothing me over" closure
60%
"Barefoot in the kitchen
Sacred new beginnings
That became my religion, listen"
Cornelia Street
60%
"Hustling for the good lifeNever thought I'd meet you here" cowboy like me
60%
"And the coastal townWe wandered 'round had never
Seen a love as pure as it"
gold rush
60%
"And I could see you throw your jacket on the floorI could see you make me want you even more" I Can See You
60%
"Your back beneath the sunWishin' I could write my name on it" august
59%
"They say that if it's right, you know
Each bar plays our song
Nothing has ever felt so wrong"
Hits Different
59%
"3 AM and I'm still awake, I'll bet you're just fineFast asleep in your city that's better than mine" I Bet You Think About Me
59%
"Church bells ring, carry me home Rice on the ground looks like snow" It's Nice To Have A Friend
59%
"Oh, what a valiant roar What a bland goodbye" loml
59%
"In swooping, sloping, cursive lettersLet the only flashing lights be the tower at midnight In my mind" Paris
59%
"Does it feel like everything's just like second-best after thatMeteor strike?" Question...?
59%
"But your eyes are flying saucers from another planetNow I'm all for you like Janet" Snow On The Beach
59%
"I wanna be defined by the things that I loveNot the things I hate" Daylight
58%
"Back then I swore I was gonna marry him somedayBut I realized some bigger dreams of mine" Fifteen
58%
"A wrinkle in time like the crease by your eyes This is why they shouldn't kill off the main guy" Hits Different
58%
"But what would you do if I went to touch you now?What would you do if they never found us out? What would you do if we never made a sound?" I Can See You
58%
"Starin' at the ceilin' with youOh, you don't ever say too much" Lavender Haze
58%
"My boy was a montageA slow-motion, love potion" Midnight Rain
58%
"I'm so in love that I might stop breathingDrew a map on your bedroom ceiling" Paris
58%
"You wanting me tonight feels impossibleBut it's comin' down, no sound, it's all around" Snow On The Beach
58%
"If it's all in my head, tell me now Tell me I've got it wrong somehow" tolerate it
58%
"Two headlights shine through the sleepless nightAnd I will get you, and get you alone" Treacherous
58%
"You should find another guiding lightGuiding light But I shine so bright" Dear Reader
57%
"I rewind thе tape, but all it does is pause On thе very moment all was lost" evermore
57%
"Strangers' silence makes me want to take the stairsIf you were here, we'd laugh about their vacant stares" Ours
57%
"I was walkin' up the front porch steps after everything that dayHad gone all wrong and been trampled on" Our Song
57%
"And I hate to make this all about me But who am I supposed to talk to?" Soon You'll Get Better
57%
"So when I touch down Call the amateurs and cut 'em from the team" The Alchemy
57%
"A curious child, ever reviledBy everyone except her own father" The Bolter
57%
"You had it figured out since you were in schoolEverybody loves pretty, everybody loves cool" The Lucky One
57%
"Don't want moneyJust someone who wants my company" The Prophecy
57%
'Every single thing I touch becomes sick with sadness'Cause it's all over now, all out to sea" Bigger Than The Whole Sky
56%
"But you're in London, and I break down'Cause it's not fair that you're not around" Come Back... Be Here
56%
"When I'm with anybody elseIt's so hard to be myself And only you can tell" I'm Only Me When I'm With You
56%
"And all at once, the ink bleeds A con man sells a fool a get-love-quick scheme" loml
56%
"But I would die for you in secret The devil's in the details, but you got a friend in me" peace
56%
"Long handwritten noteDeep in your pocket" Sad Beautiful Tragic
56%
"Sweet tea in the summerCross your heart, won't tell no other" seven
56%
"Like, "Oh my, what a marvelous tune"It was the best night, never would forget how we moved" Starlight
56%
"Waves crash on the shoreI dash to the door You don't knock anymore" Suburban Legends
56%
"And then she wrote headlines in the local paperLaughing at each baby step I'd take" thanK you aIMee
56%
"In the age of him, she wished she was thirtyAnd made coffee every morning in a French press" The Manuscript
56%
"When you think happinessI hope you think that little black dress" Tim McGraw
56%
"And the air is thick with loss and indecision I know my pain is such an imposition" You're Losing Me
56%
"I hear it in your voiceYou're smoking with your boys I touch my phone as if it's your face" You're On Your Own, Kid
56%
"I don't wanna do, I don't wanna do this to youI don't wanna lose, I don't wanna lose this with you" Afterglow
55%
"Your mother brought you up loyal and kindTeenage love taught you there's good in goodbye" All Of The Girls You Loved Before
55%
"But one of these things is not like the others Like a rainbow with all of the colors" ME!
55%
"Just say when, I'd play again He was my best friend down at the sandlot" My Boy Only Breaks His Favorite Toys
55%
"Please, don't ever become a stranger Whose laugh I could recognize anywhere" New Year's Day
55%
"But I'm a fire and I'll keep your brittle heart warm If your cascade, ocean wave blues come" peace
55%
"You hung me on your wallStabbed me with your push pins" The Smallest Man Who Ever Lived
55%
"And I see the permanent damage you did to meNever again, I just wish I could forget when it was magic" Better Man
54%
"And this is when the feeling sinks inI don't wanna miss you like this" Come Back... Be Here
54%
"And my friends all smell like weed or little babies And this city reeks of driving myself crazy" Florida!!!
54%
"Remind me how it used to bePictures in frames of kisses on cheeks" How You Get The Girl
54%
"So many things that I wish you knewSo many walls up I can't break through" The Story Of Us
54%
"I can't let this go, I fight with you in my sleepThe wound won't close, I keep on waiting for a sign I regret you all the time" Would've, Could've, Should've
54%
"I could've spent forever with your hands in my pockets Picture of your face in an invisible locket" Dancing With Our Hands Tied
53%
"I'd kiss you as the lights went out Swayin' as the room burned down" Dancing With Our Hands Tied
53%
"When it was calmer, skippin' the prom Just to piss off your mom and her pageant schemes" dorothea
53%
"The hurricane with my name when it came I got drunk and I dared it to wash me away" Florida!!!
53%
"As I said in my letters, now that I know better I will never lose my baby again" Fresh Out The Slammer
53%
"Call a cab, lose my number, you're about to lose your girlCall a cab, lose my number, let's consider this lesson learned" Girl At Home
53%
'I keep finding his things in drawers Crucial evidence I didn't imagine the whole thing" I Can Do It With A Broken Heart
53%
"Flew me to places I'd never been'Til you put me down, oh" I Knew You Were Trouble
53%
"Lights flash and we'll run for the fencesLet them say what they want, we won't hear it" I Know Places
53%
"He got my heartbeatSkipping down 16th Avenue" I Think He Knows
53%
"Clover blooms in the fieldsSpring breaks loose, the time is near" ivy
53%
"'Cause all the boys and their expensive cars
With their Range Rovers and their Jaguars
Never took me quite where you do"
King Of My Heart
53%
"I do recall now, the smell of the rainFresh on the pavement, I ran off the plane" Last Kiss
53%
"What do you sing on your drive home? Do you see my face in the neighbor's lawn?" mad woman
53%
"Drew walks by me, can he tell that I can't breathe?And there he goes, so perfectly" Teardrops On My Guitar
53%
"In my defense, I have noneFor digging up the grave another time" the 1
53%
"Six weeks of breathin' clean air I still miss the smoke" The Black Dog
53%
"Like any great love, it keeps you guessingLike any real love, it's ever-changing" Welcome To New York
53%
"'Cause all I know is we said, "Hello"And your eyes look like comin' home" Everything Has Changed
52%
"And I wish I could run to youAnd I hope you know that every time I don't" I Almost Do
52%
"Did some bird flap its wings over in Asia?Did some force take you because I didn't pray?" Bigger Than The Whole Sky
50%
"They slammed the door
On my whole world
The one thing I wanted"
But Daddy I Love Him
50%
"Sanctimoniously performing soliloquies I'll never see Thinkin' it can change the beat" But Daddy I Love Him
50%
"Were you waiting at our old spot In the tree line by the gold clock" coney island
50%
"And I'll look back and regret how I ignored when they said"Run as fast as you can"" Dear John
50%
"Can't not think of all the cost
And the things that will be lost
Oh, can we just get a pause?"
evermore
50%
"Never ever thought I'd see it breakNever thought I'd see it" Haunted
50%
"'Cause we were born to be the pawnIn every lover's game" Mastermind
50%
"'Cause I love the gap between your teethAnd I love the riddles that you speak" Ours
50%
"Did you leave her house in the middle of the night?Did you wish you'd put up more of a fight?" Question...?
50%
"Long may you reignYou're an animal" Robin
50%
"My spine split from carrying us up the hill Wet through my clothes, weary bones caught the chill" So Long, London
50%
"And at lastShe knew what the agony had been for" The Manuscript
50%
"I said, "Leave", but all I really want is youTo stand outside my window, throwing pebbles Screaming, "I'm in love with you"" The Other Side Of The Door
50%
"Back then we didn't know we were built to fall apartWe broke the status quo, then we broke each other's hearts" The Very First Night
50%
"So I'll go back to L.A. and the so-called friendsWho'll write books about me, if I ever make it" 'tis the damn season
50%
"I can't decide if it's a choiceGetting swept away" Treacherous
50%
"I felt your arms twisting around meI should've slept with one eye open at night" Wonderland
50%
"And he keeps the picture of you in his office downtownAnd you understand now why they lost their minds and fought the wars" You Are In Love
50%
"Come feel this magic I've been feeling since I met youCan't help it if there's no one else" Hey Stephen
48%
"You drew up some good faith treatiesI drew curtains closed, drank my poison all alone" The Great War
48%
"I had to smile when it caught my eyeThere was one of a teenage couple in the driveway" Timeless
48%
"It's never too late to come back to my side The stars in your eyes shined brighter in Tupelo" dorothea
47%
"Depending on what kind of mood and situationship I'm in And what's in my system" Glitch
47%
"You know I left a part of me back in New York You knew the hero died so what's the movie for?" hoax
47%
"Good boy, that's right, come close I'll show you Heaven if you'll be an angel, all night" I Can Fix Him (No Really I Can)
47%
'I, I hear the whispers in your eyesI'll make you wanna think twice" imgonnagetyouback
47%
"I wish to knowThe fatal flaw that makes you long to be Magnificently cursed" ivy
47%
"Because I love your handshake, meeting my fatherI love how you walk with your hands in your pockets" Last Kiss
47%
"You could be the one that I love, mm-mmAnd now I'm standin' here, hopin' it gets to you" Message In A Bottle
47%
"Take pictures in your mind of your childhood roomMemorize what it sounded like when your dad gets home" Never Grow Up
47%
"You got the dragonflies above your bedYou have a favorite spot on the swing set" Robin
47%
"And who's gonna hold you like me? And who's gonna know you, if not me?" The Tortured Poets Department
47%
"Hold on, baby, you're losing itThe water's high, you're jumping into it" Tied Together With A Smile
47%
"She waits and takes her time'Cause Little Miss Sunshine always thinks it's gonna rain" When Emma Falls In Love
47%
"The scandal was contained The bullet had just grazed" Who's Afraid Of Little Old Me?
47%
"You don't have to call anymoreI won't pick up the phone" You're Not Sorry
47%
"Oh, what a shameWhat a rainy ending given to a perfect day" Cold As You
46%
"Fifteen years, fifteen million tears Begging 'til my knees bled" it's time to go
46%
"I know delusion when I see it in the mirror You like the nicer nurses, you make the best of a bad deal" Soon You'll Get Better
46%
"You said some things that I can't unabsorbYou turned me into an idea of sorts" Chloe or Sam or Sophia or Marcus
45%
"And I'll tell you one thing, honeyI can take the upper hand and touch your body" imgonnagetyouback
45%
"And my waves meet your shore Ever and evermore" long story short
45%
"You could be the one that I keep, and ICould be the reason you can't sleep at night" Message In A Bottle
45%
"Turn the lock and put my headphones onHe always said he didn't get this song" Begin Again
44%
"I pass it and lose track of what I'm saying'Cause that's where I was when I got the call" Cassandra
44%
"Just one single glimpse of reliefTo make some sense of what you've seen" epiphany
44%
"I'd say I love you even at your darkestAnd please don't go" Forever Winter
44%
"And as we walked we would talkAnd I didn't say half the things I wanted to" Hey Stephen
44%
"Tonight I'm gonna danceFor all that we've been through" Holy Ground
44%
"You had stopped and tilted your headI still ponder what it meant now, now" I Look In People's Windows
44%
"My mind forgets to remind me you're a bad ideaYou touch me once and it's really something" Sparks Fly
44%
"And you open your eyes into mineAnd everything feels better" The Last Time
44%
"That I'm not a princess, this ain't a fairy taleI'm not the one you'll sweep off her feet" White Horse
44%
"And you can't talk to me when I'm like this Daring you to leave me just so I can try and scare you" False God
43%
"My cards are on the table, yours are in your handChances are, tonight, you've already got plans" Foolish One
43%
'They shake their heads sayin', "God, help her" When I tell 'em he's my man" I Can Fix Him (No Really I Can)
43%
""Wanna hang out?" Yeah, sounds like fun
Video games, you pass me a note
Sleeping in tents"
It's Nice To Have A Friend
43%
"I'll be eighty-seven; you'll be eighty-nineI'll still look at you like the stars that shine" Mary's Song (Oh My My My)
43%
"Distance, timingBreakdown, fighting Silence, the train runs off its tracks" Sad Beautiful Tragic
43%
"When you're young, you just runBut you come back to what you need" This Love
43%
"In the middle of the night, when I'm in this dreamIt's like a million little stars spelling out your name" Untouchable
43%
"Beauty is a beast that roars down on all fours Demanding more" Clara Bow
42%
"Now you're out in the world, searchin' for your soulScared not to be hip, scared to get old" I Bet You Think About Me
42%
"But it always ends up with a Town Car speedingOut the drive one evening" The Bolter
42%
"It seems like one of those nightsWe can just pretend it never will end, uh oh" 22
41%
"But you start to talk about the moviesThat your family watches every single Christmas" Begin Again
41%
'Sometimes, givin' up is the strong thing Sometimes, to run is the brave thing" it's time to go
41%
"He goes about his dayForgets he ever even heard my name" Mr. Perfectly Fine
41%
"Matches burn after the otherPages turn and stick to each other" right where you left me
41%
"And it's about to be Halloween, you could be anythingYou wanted if you were still here" Ronan
41%
"So I drive home alone, as I turn out the lightI'll put his picture down and maybe get some sleep tonight" Teardrops On My Guitar
41%
"And it was like slow motionStanding there in my party dress In red lipstick" The Moment I Knew
41%
"And there you are on your kneesBegging for forgiveness, begging for me Just like I always wanted but I'm so sorry" White Horse
41%
"But your jealousy, oh, I can hear it nowTalking down to me like I'll always be around" Better Man
40%
"These walls that they put up to hold us back will fall downIt's a revolution, the time will come" Change
40%
"So here's to everything coming down to nothingHere's to silence, that cuts me to the core" Forever & Always
40%
"And you passed right by I was in the alley, surrounded on all sides" long story short
40%
"Send the code, he's waiting thereThe sticks and stones they throw froze mid-air" "Sl*t!"
40%
"I'll be right here on the groundWhen you come back down" Superman
40%
"And there's a letter left on your doorstepAnd the first thing that you'll read" Tim McGraw
40%
"Did I close my fist around something delicate? Did I shatter you?" coney island
39%
"My fourth drink in my handThese desperate prayers of a cursed man" Dear Reader
39%
"He seems fine most of the time, forcing smiles and nevermindsHis laugh is a symphony, when the lights go out, it's hard to breathe" Forever Winter
39%
"Once, I was the great hope for a dynastyCrowds would hang on my words, and they trusted me" Castles Crumbling
38%
"Something med school did not coverSomeone's daughter, someone's mother" epiphany
38%
"It's kinda like a code, yeahAnd you've been getting closer and closer, and crossing so many lines" Girl At Home
38%
"It's like no matter what I doWell, you drive me crazy half the time" I'm Only Me When I'm With You
38%
"I'm taking my time, taking my time 'Cause you took everything from me" mad woman
38%
"There was a litany of reasons why We could've playеd for keeps this time" My Boy Only Breaks His Favorite Toys
38%
"I met Bobby on the boardwalk summer of '45Picked me up late one night out the window" Starlight
38%
"You'd be more than a chapter in my old diaries with the pages ripped outI am standing in a 1950s gymnasium and I can still see you now" Suburban Legends
38%
"Down the block, there's an antique shopAnd somethin' in my head said, "Stop," so I walked in" Timeless
38%
"And you smile, that beautiful smileAnd all the girls in the front row scream your name" Superstar
37%
"Your past and mine are parallel linesStars all aligned and they intertwined" All Of The Girls You Loved Before
36%
"My only one My kingdom come undone" hoax
36%
"Back to a first glance feeling on New York timeBack when you fit my poems like a perfect rhyme" Holy Ground
36%
"There you'll stand, 10 feet tallI will say, "I knew it all along" Sweeter Than Fiction
36%
"Did you have to hit meWhere I'm weak? Baby, I couldn't breathe" Bad Blood
35%
"I keep these longings lockedIn lowercase inside a vault" Guilty As Sin?
35%
"Would've been right there, front rowEven if nobody came to your show" I Forgot That You Existed
35%
"I just want to show you, she don't even know you,Baby let me love you, let me want you." Invisible
35%
"You come around and the armor fallsPierce the room like a cannonball" State Of Grace
35%
"So I crossed my thoughtless heartSpread my wings like a parachute" The Albatross
35%
"I wish I could flyI'd pick you up and we'd go back in time" The Very First Night
35%
"Do I throw out everything we built or keep it? I'm getting tired even for a phoenix" You're Losing Me
35%
"What a waste Takin' down the pictures and the plans we made, yeah" Babe
33%
"Since you admitted it, I keep picturin'Her lips on your neck, I can't unsee it" Babe
33%
"Music starts playin' like the end of a sad movie,It's the kinda ending you don't really wanna see" Breathe
33%
"I'll leave my window open'Cause I'm too tired at night to call your name" Come In With The Rain
33%
"Now I'm waiting by the phoneLike I'm sitting in an airport bar" cowboy like me
33%
"I've been left in the rain lost and piningI'm tryin' hard not to look like I'm trying" Electric Touch
33%
"'Cause you got her on your arm and me in the wingsI'll get your longing glances, but she'll get your ring" Foolish One
33%
"And I stare at the phone, he still hasn't calledAnd then you feel so low you cant feel nothing at all" Forever & Always
33%
"It never ever occurred to youThat I can't say "Hello" to you And risk another goodbye" I Almost Do
33%
"Did some things you can't speak ofBut at night you live it all again" Innocent
33%
"I call my mom, she said that it was for the bestRemind myself the more I gave, you'd want me less" Now That We Don't Talk
33%
"There's no time for tearsI'm just sitting here planning my revenge" Picture To Burn
33%
"You can see that I've been cryin'Baby, you know all the right things" Should've Said No
33%
"How I was losing my mind when I saw you hereBut you held your pride like you should have held me" The Story Of Us
33%
"But you awaken with dread Pounding nails in your head" The Tortured Poets Department
33%
"The light reflectsThe chain on your neck He says, "Look up"" You Are In Love
33%
"Gray and blue and fights and tunnels Handcuffed to the spell I was under" Fresh Out The Slammer
32%
"I can't make it go away by making you a villain I guess it's the price I paid for seven years in Heaven" happiness
32%
"So you laugh like a childAnd I'll sing like no one cares No one to be, no one to tell" Run
32%
"This morning I said we should talk about it'Cause I read you should never leave a fight unresolved" Stay Stay Stay
32%
"Oh, I'll be strong, I'll be wrongOh, but life goes on" A Place In This World
31%
"Guilty, guilty reaching out across the seaThat you put between you and me" closure
31%
"Past the blood and bruise Past the curses and cries" happiness
31%
"You think I'm gonna hate you now'Cause you still don't know what I never said" I Wish You Would
31%
"You're in the car on the way to the moviesAnd you're mortified your mom's droppin' you off" Never Grow Up
31%
"What should be over, burrowed under my skin In heart-stopping waves of hurt" the lakes
31%
"I could go back to every laughBut I don't wanna go there anymore" Come In With The Rain
30%
"I was playing back a thousand memories, babyThinking 'bout everything we've been through" If This Was A Movie
30%
"Seems the only one who doesn't see your beautyIs the face in the mirror looking back at you" Tied Together With A Smile
30%
"Why would you wanna take our love and tear it all apart nowWhy would you wanna make the very first scar" A Perfectly Good Heart
29%
"Cause I wonderWill I always Will I always wonder?" Chloe or Sam or Sophia or Marcus
29%
"Well, I like the way your hair falls in your faceYou got the keys to me, I love each freckle on your face" Jump Then Fall
29%
"And all the pieces fall, right into placeGetting caught up in a moment" So It Goes...
29%
"And when you find everything you've looked forI hope your love leads you back to my door" Stay Beautiful
29%
"Yes, I remember what you said last nightAnd I know that you see what you're doing to me" Tell Me Why
29%
"How can I ever try to be better?Nobody ever let's me in" The Outside
29%
"I just want it back the way it was beforeAnd I just want to see you back at my front door" If This Was A Movie
27%
"And I didn't want to come downI thought it was just goodbye for now" Peter
27%
"Lantern, burningFlickered in the night, only you" This Love
27%
"And I know you wouldn't have told nobody if I died, died for youDied for you" Cold As You
26%
"After everything and that little black dressAfter everything, I must confess I need you" The Other Side Of The Door
26%
"Oh, I hate those voicesTellin' me I'm not in love anymore" We Were Happy
26%
"So I walk outta here tonightTry to go on with my life" Don't You
25%
"What if your eyes looked up and met mineOne more time" I Look In People's Windows
25%
"She's never gonna love you like I want toAnd you just see right through me but if you only knew me" Invisible
25%
"2 A.M., here we areSee your face Hear my voice in the dark" I Wish You Would
25%
"I don't know who I'm gonna talk to now at schoolBut I know I'm laughing On the car ride home with you" The Best Day
25%
"You find graffiti on the walls of old bathroom stallsYou know, you can scratch it right off" You All Over Me
25%
"You had me crawling for you honeyAnd it never would've gone away, no" You're Not Sorry
25%
"Blood's thick but nothing like a payrollBet they never spared a prayer for my soul" Cassandra
24%
"I'm taking pictures in my mindSo I can save them for a rainy day" Stay Beautiful
24%
"Right here, wishing the flowers were from youWishing the card was from you" Superman
23%
"You find yourself at my doorJust like all those times before" The Last Time
23%
"Maybe the moment's right (the moment's right)It's 8:05 and I see two headlights" Electric Touch
22%
"What do you say, when tears are streaming down your faceIn front of everyone you know?" The Moment I Knew
22%
"Got the radio on, my old blue jeansAnd I'm wearing my heart on my sleeve" A Place In This World
21%
"You know it's all the same, another time and placeRepeating history and you're getting sick of it" Change
21%
"Why do you have to make me feel smallSo you can feel whole inside?" Tell Me Why
21%
"In the middle of the night, we can form this dreamI wanna feel you by my side, standing next to me' Untouchable
21%
"But I did, so I smiled, and I melted like a childNow every breath of air I breathe reminds me of then" You All Over Me
20%
"Time turns flames to embersYou'll have new Septembers" Innocent
19%
"Industry disruptors and soul deconstructorsAnd smooth-talking hucksters out glad-handing each other" Sweet Nothing
19%
"I remember you dancing before bedtimeThen jumping on me, waking me up" Ronan
18%
"I used to be a damsel in distressYou took me by the hand and you pick me up at six" Today Was A Fairytale
18%
"You took the time to memorize meMy fears, my hopes and dreams" Stay Stay Stay
17%
"And all the pages are just slipping through my handsAnd I'm so scared of how this ends" Bye Bye Baby
16%
"There's been this hole in my heartThis thing was a shot in the dark" Run
15%
"You played in bars, you play guitarAnd I'm invisible and everyone knows who you are Superstar
15%
"Well, I was sixteen when suddenlyI wasn't that little girl you used to see" Mary's Song (Oh My My My)
13%
"You said, "I know"When I said, "I need some time, need some space To think about all of this"" That's When
13%
"You would break your back to make me break a smileYou know how much I hate that everybody just expects me to bounce back" Labyrinth
12%
"You know you've got something that I needI thought it was impossible oh" 22
11%
"I tried to take the road less traveled byBut nothing seems to work the first few times, am I right?" The Outside
11%
"And when they call your name, and they put your picture in a frameYou know that I'll be there time and again" Sweeter Than Fiction
10%
"Then through the phoneCame all your tears" That's When
10%
"Maybe I should've seen the signs, should've read the writing on the wallAnd realized by the distance in your eyes that I would be the one to fall" A Perfectly Good Heart
9%
"Never wanted this, never wanna see you hurtEvery little bump in the road I tried to swerve" Breathe
9%
"The time is gonna come when you're so mad, you could cryBut I'll hold you through the night until you smile" Jump Then Fall
8%
"Sometimes I really wish that I could hate youI've tried, but that's just somethin' I can't do" Don't You
6%
"The picture frame is emptyOn the dresser, vacant just like me" Bye Bye Baby
5%
"No one could touch the way we laughed in the darkTalkin' 'bout your daddy's farm we were gonna buy someday" We Were Happy
0%
No matching quizzes found
Score Distribution
Percent of People with Each Score
Percentile by Number Answered
Your Score History
You have not taken this quiz since the last reset